00511nam a2200193Ia 4500003000400000005001700004008004100021020002200062040000700084041000800091082001700099100002100116245007300137260004500210300001600255365001300271650001400284650001900298OSt20230516113458.0210423s2015 xx 000 0 und d a978-0-19-806911-9 cAL aeng a338.954 DEVI aDEV (S Mahendra) aInclusive growth in India: agriculture poverty and human development aNew DelhibOxford University Pressc2015 axxv,399bPB b450cINR aEconomics aIndian Economy